Hệ thống bài tập thực hành phân tích tài chính doanh nghiệp

Giới thiệu các bài tập thực hành phân tích tài chính doanh nghiệp, diễn giải hệ thống báo cáo tài chính, phân tích chính sách tài chính doanh nghiệp, phân tích tình hình sử dụng vốn trong doanh nghiệp...

Sparad:
Bibliografiska uppgifter
Huvudupphovsman: Nguyễn, Trọng Cơ
Materialtyp: Bok
Språk:Undetermined
Publicerad: Hà Nội Tài chính 2011
Ämnen:
Taggar: Lägg till en tagg
Inga taggar, Lägg till första taggen!
Thư viện lưu trữ: Trung tâm Học liệu Trường Đại học Cần Thơ
LEADER 00979nam a2200205Ia 4500
001 CTU_180420
008 210402s9999 xx 000 0 und d
020 |c 35000 
082 |a 658.1511 
082 |b C460 
100 |a Nguyễn, Trọng Cơ 
245 0 |a Hệ thống bài tập thực hành phân tích tài chính doanh nghiệp 
245 0 |c Nguyễn Trọng Cơ, Nghiêm Thị Thà 
260 |a Hà Nội 
260 |b Tài chính 
260 |c 2011 
520 |a Giới thiệu các bài tập thực hành phân tích tài chính doanh nghiệp, diễn giải hệ thống báo cáo tài chính, phân tích chính sách tài chính doanh nghiệp, phân tích tình hình sử dụng vốn trong doanh nghiệp... 
650 |a Managerial economics,Managerial accounting,Accounting,Kế toán kinh doanh 
904 |i Tuyến 
980 |a Trung tâm Học liệu Trường Đại học Cần Thơ